书目信息 |
| 题名: |
2049年中国科技与社会愿景
|
|
| 作者: | 韩雅芳 , 翁端 主编 ;中国材料研究学会 编著 | |
| 分册: | 新材料与未来世界 | |
| 出版信息: | 北京 中国科学技术出版社 2020.4 |
|
| 页数: | 504页 | |
| 开本: | 24cm | |
| 丛书名: | 中国科协高端科技创新智库丛书 | |
| 单 册: | ||
| 中图分类: | G301 , TB3 | |
| 科图分类: | ||
| 主题词: | 科学技术--关系--社会发展--研究--中国 , 材料科学--研究 | |
| 电子资源: | ||
| ISBN: | 978-7-5046-8643-5 | |
| 000 | 01112nam0 2200301 45 | |
| 001 | 012001002024 | |
| 005 | 20140913091904.0 | |
| 010 | @a978-7-5046-8643-5@dCNY98.00 | |
| 100 | @a20201114d2020 em y0chiy50 ea | |
| 101 | 0 | @achi |
| 102 | @aCN@b110000 | |
| 105 | @aa z 000yy | |
| 106 | @ar | |
| 200 | 1 | @a2049年中国科技与社会愿景@i新材料与未来世界@b专著@f中国材料研究学会编著@g中国材料研究学会编著@A2049 nian zhong guo ke ji yu she hui yuan jing |
| 210 | @a北京@c中国科学技术出版社@d2020.4 | |
| 215 | @a504页@c彩图@d24cm | |
| 225 | 1 | @a中国科协高端科技创新智库丛书 |
| 330 | @a本书系统梳理了全球新材料发展现状,深入研判新材料技术发展趋势,并提出了未来新材料发展的前沿方向和重点领域。 | |
| 461 | 0 | @12001 @a中国科协高端科技创新智库丛书 |
| 606 | 0 | @a科学技术@x关系@x社会发展@x研究@y中国 |
| 606 | 0 | @a材料科学@x研究 |
| 690 | @aG301@v5 | |
| 690 | @aTB3@v5 | |
| 701 | 0 | @a韩雅芳@Ahan ya fang@f(1944~)@4主编 |
| 701 | 0 | @a翁端@Aweng duan@f(1957~)@4主编 |
| 712 | 02 | @a中国材料研究学会@Azhong guo cai liao yan jiu xue hui@4编著 |
| 801 | 0 | @aCN@bBJSDL@c20211011 |
| 905 | @b1338140-3@dG301@e322@f4 | |
| 2049年中国科技与社会愿景.新材料与未来世界/中国材料研究学会编著/中国材料研究学会编著.-北京:中国科学技术出版社,2020.4 |
| 504页:彩图;24cm.-(中国科协高端科技创新智库丛书) |
| ISBN 978-7-5046-8643-5:CNY98.00 |
| 本书系统梳理了全球新材料发展现状,深入研判新材料技术发展趋势,并提出了未来新材料发展的前沿方向和重点领域。 |
| ● |
| 相关链接 |
|
|
|
|
正题名:2049年中国科技与社会愿景
索取号:G301/322
 
预约/预借
| 序号 | 登录号 | 条形码 | 馆藏地/架位号 | 状态 | 备注 |
| 1 | 1338140 | 213381400 | 第一样本阅览室/ [索取号:G301/322] | 在馆 | |
| 2 | 1338141 | 213381419 | 第四借阅区/ [索取号:G301/322] | 在馆 | |
| 3 | 1338142 | 213381428 | 第四借阅区/ [索取号:G301/322] | 在馆 | |
| 4 | 1338143 | 213381437 | 第四借阅区/ [索取号:G301/322] | 在馆 |